<?xml version="1.0" encoding="UTF-8"?>
<marc:record xmlns:marc="http://www.loc.gov/MARC21/slim">
   <marc:leader>00000nam a2200000 a 4500</marc:leader>
   <marc:datafield ind1="1" ind2=" " tag="100">
      <marc:subfield code="a">Korn, Carmen</marc:subfield>
      <marc:subfield code="4">aut</marc:subfield>
      <marc:subfield code="e">Verfasser/-in</marc:subfield>
   </marc:datafield>
   <marc:datafield ind1="0" ind2="0" tag="245">
      <marc:subfield code="a">Zwischen heute und morgen</marc:subfield>
   </marc:datafield>
   <marc:datafield ind1="0" ind2="0" tag="245">
      <marc:subfield code="b">Roman</marc:subfield>
   </marc:datafield>
   <marc:datafield ind1="0" ind2="0" tag="245">
      <marc:subfield code="c">Korn, Carmen</marc:subfield>
   </marc:datafield>
   <marc:datafield ind1=" " ind2="1" tag="264">
      <marc:subfield code="a">München</marc:subfield>
      <marc:subfield code="b">Kindler</marc:subfield>
      <marc:subfield code="c">2022</marc:subfield>
   </marc:datafield>
   <marc:datafield ind1="1" ind2=" " tag="520">
      <marc:subfield code="a">Quelle: bn.bibliotheksnachrichten (http://www.biblio.at/literatur/bn/index.html); &#xD;
Autor: Maria Schmuckermair; &#xD;
Gesellschaft und Alltag in den 1960er Jahren am Beispiel dreier weitverzweigter Familien. (DR)&#xD;
Drei Schauplätze (San Remo, Köln, Hamburg) und drei Familien - einander verwandtschaftlich und freundschaftlich verbunden - markieren die Grundstruktur dieses breit angelegten, dialogreichen Romans. Die 1960er Jahre gelten einerseits als Zeit des beginnenden deutschen Wirtschaftswunders, eines optimistischen Aufbruchs nach den bitteren Kriegs- und Nachkriegsjahren. Andererseits sind die Traumata aus dem Weltkrieg noch lange nicht überwunden. Ein eindrucksvoller Protagonist in diesem Gesellschaftsroman verkörpert diese beiden Merkmale sehr deutlich: Pips Sander ist in einer Folterkammer der Nazis schwer misshandelt worden, hat dabei einen Finger und seine Geschlechtsorgane eingebüßt. Er spielt mit nur neun Fingern exzellent Klavier, zuerst in einer Bar in San Remo, später in Hamburg, bis er einen lukrativen Plattenvertrag in Köln bei Electrola erhält. Seine Impotenz hemmt ihn in der Beziehung zu Frauen, obwohl er ein attraktiver Mann und umschwärmter Künstler ist.&#xD;
Viele politische Ereignisse dieses Jahrzehnts klingen an (Mauerbau in Berlin, Hochwasser in Hamburg, Ermordung John F. Kennedys, Vietnamkrieg), ebenso kulturelle Reminiszenzen (Gustav Gründgens, frühe Beatles, Marlene Dietrich-Lieder, Adamo, Bestseller »Angelique«). Für Leser*innen, die diese Zeit erlebt haben, sicherlich eine nostalgische Erinnerung. Als notwendige Orientierungshilfe in diesem Figurenreichtum sind eine Kurzbeschreibung der wichtigsten Personen und die Familienstammbäume vorangestellt. Für größere Bestände.</marc:subfield>
   </marc:datafield>
   <marc:datafield ind1=" " ind2=" " tag="020">
      <marc:subfield code="a">9783463407050</marc:subfield>
      <marc:subfield code="9">9783463407050</marc:subfield>
   </marc:datafield>
   <marc:datafield ind1=" " ind2=" " tag="020">
      <marc:subfield code="a">3463407051</marc:subfield>
      <marc:subfield code="9">3463407051</marc:subfield>
   </marc:datafield>
   <marc:datafield ind1=" " ind2=" " tag="041">
      <marc:subfield code="a">ger</marc:subfield>
   </marc:datafield>
   <marc:datafield ind1=" " ind2=" " tag="338">
      <marc:subfield code="a">Band</marc:subfield>
   </marc:datafield>
   <marc:datafield ind1=" " ind2=" " tag="300">
      <marc:subfield code="a">572 Seiten</marc:subfield>
   </marc:datafield>
</marc:record>
